| 000 | 00490nam a2200169Ia 4500 | ||
|---|---|---|---|
| 008 | 230714s9999 xx 000 0 und d | ||
| 020 | _a9790000000000 | ||
| 041 | _aeng | ||
| 082 |
_a005.74 _bGRO |
||
| 100 |
_aGrover M. _9198039 |
||
| 245 | _aHadoop Application Architectures | ||
| 260 |
_c2015 _bSPD/O'Reilly |
||
| 300 | _a371 | ||
| 365 |
_cRs. _b675.00 |
||
| 700 |
_aGrover M.; Malaska T.; Seidman J. & Shapira G. _9198040 |
||
| 906 |
_dO:0469808-Oct-2015B:74230-Sep-2015 _cCOMP _b1687.5 |
||
| 999 |
_c216150 _d216150 |
||